| 000 | 00691nam a2200217 i 4500 | ||
|---|---|---|---|
| 001 | 109920 | ||
| 003 | ES-MaACL | ||
| 005 | 20260122220300.0 | ||
| 007 | t| | ||
| 008 | 061121s1971 ag r ||||1| spa d | ||
| 245 | 0 | 4 |
_aLos objetos / _cAbraham A. Moles [et. al.]; traducción de Silvia Delpy. |
| 260 |
_aBuenos Aires : _bTiempo Contemporáneo, _c1971. |
||
| 300 |
_a205 p. ; _c23 cm. |
||
| 490 | 1 | _aComunicaciones | |
| 650 | 0 | 7 |
_aMedios de comunicación social _2embne _914961 |
| 700 | 1 |
_aMoles, Abraham A., _d1920-1992 _981863 |
|
| 700 | 1 |
_aDelpy, Silvia. _943589 |
|
| 830 | 0 |
_aComunicaciones _9187411 |
|
| 852 |
_aES-MaACL _jE-8874 _bR.93068 |
||
| 999 |
_c109920 _d109920 |
||